| 000 | 00519cam a2200205ua 4500 | ||
|---|---|---|---|
| 001 | 7406 | ||
| 005 | 20260515114216.0 | ||
| 008 | 141209n ii |||gr||||Z||||||ben | ||
| 040 | _cMAIN | ||
| 041 | _aben | ||
| 082 | _a891.444 | ||
| 100 |
_aBandyopadhyay, S. Kr., _eAuthor. |
||
| 245 | 1 |
_aBhumikampa _cBy Sudhangu Kumar Bandyopadhyay |
|
| 250 | _a1st. | ||
| 260 |
_aKolkatta: _bBiswabharati, _c1965. |
||
| 300 | _a87p. | ||
| 653 | _aEast Indo-European & Celtic literatures | ||
| 653 | _aBengali essays | ||
| 942 | _cBK | ||
| 999 |
_c6524 _d6524 |
||